000 00519nam a2200181 i 4500
001 79955
003 ES-MaACL
005 20230906174107.0
007 t|
008 041025s1966 sp ||||1| spa d
100 1 _aHill, Napoleón.
_963707
245 1 0 _aPiense y hágase rico /
_cpor Napoleón Hill ; [traducción Jaime Piñieiro].
250 _a[1ª ed.].
260 _aBarcelona :
_bBruguera,
_c[1966]
300 _a270 p. ;
_c22 cm.
700 1 _aPiñeiro, Jaime.
_992259
852 _aES-MaACL
_jC-30868
_bR.61566
999 _c79955
_d79955